Bacterial Spore Formers: probiotics and emerging applications (Record no. 376917)

MARC details
000 -LEADER
fixed length control field 00503nam a2200181Ia 4500
008 - FIXED-LENGTH DATA ELEMENTS--GENERAL INFORMATION
fixed length control field 191130s2004##################000#0#eng##
020 ## - INTERNATIONAL STANDARD BOOK NUMBER
ISBN 9781904933021
082 ## - DEWEY DECIMAL CLASSIFICATION NUMBER
Classification number 579.3 RIC
245 ## - TITLE STATEMENT
Title Bacterial Spore Formers: probiotics and emerging applications
Statement of responsibility, etc Ezio Ricca
260 ## - PUBLICATION, DISTRIBUTION, ETC. (IMPRINT)
Place of publication Norfolk
Year of publication 2004
300 ## - PHYSICAL DESCRIPTION
Number of Pages xi, 244 p. : ill. ; 29 cm
500 ## - GENERAL NOTE
General note Include index
650 ## - SUBJECT ADDED ENTRY--TOPICAL TERM
Topical Term Bacillus
991 ## -
-- 239230
Holdings
Withdrawn status Lost status Damaged status Not for loan Home library Current library Shelving location Date acquired Full call number Accession Number Price effective from Koha item type
        Anna Centenary Library Anna Centenary Library 5TH FLOOR, A WING 17.10.2020 579.3 RIC 145690 17.10.2020 English Books

Find us on the map